Eksperimentaľnoje issledovanije uprugo-plastičeskoj raboty tonkostennych konstrukcij /
Enregistré dans:
| Auteurs principaux: | , |
|---|---|
| Format: | Livre |
| Langue: | russe |
| Publié: |
Kijev :
Naukova dumka,
1968
|
| Sujets: | |
| Tags: |
Pas de tags, Soyez le premier à ajouter un tag!
|
MARC
| LEADER | 00000nam a22000003a 4500 | ||
|---|---|---|---|
| 001 | stu42602 | ||
| 005 | 20150617225720.3 | ||
| 008 | 940511s1968----xxr-----------------rus-d | ||
| 040 | |a STU |b slo | ||
| 041 | 0 | |a rus | |
| 044 | |a xxr | ||
| 080 | |a 531/534 |7 stu_us_auth*stu7969 | ||
| 100 | 1 | |a Streľbickaja, A.I |4 aut | |
| 245 | 1 | |a Eksperimentaľnoje issledovanije uprugo-plastičeskoj raboty tonkostennych konstrukcij / |c [aut.]A.I. Streľbickaja, G.I. Evsejenko | |
| 260 | |a Kijev : |b Naukova dumka, |c 1968 | ||
| 300 | |a 181 s | ||
| 650 | 7 | |a mechanika |2 stusub | |
| 650 | 7 | |a konštrukcie |2 stusub | |
| 700 | 1 | |a Evsejenko, G.I |4 aut | |
| 996 | |b 284M015122 |c M*3002-1 |l MMKN |s A |a 24 |w stu42602_0001 | ||